00538nam a22001697a 450000500170000001000150001702000260003203500140005803700130007208200110008510000240009624500860012026000430020627000540024930000250030350000400032820150922125021.0 aENG-113714 a9788170546665c400.00 aEN- 97246 bDBAD/PUB a793.31 aPani, Prabhat Kumar aSeraikella chhau :cby Prabhat Kumar Panibcultural, ritual, and social aspects / aNew DelhibClassical Publishing c2014 a28, Shopping Centre, KarampurabNew Delhie110015 aviii,127p.c21cm(Hb) aIncludes bibliographical references